[Event "Titled Tuesday intern op 16th Apr Late"]
[Site "Chess.com INT"]
[Date "2024.04.16"]
[Round "11"]
[White "Mirza, Diana"]
[Black "Chassard, Cedric"]
[Result "0-1"]
[WhiteElo "1956"]
[BlackElo "2254"]
[PlyCount "74"]
[EventDate "2024.04.16"]
[EventType "swiss (blitz)"]
[EventRounds "11"]
[EventCountry "USA"]
[SourceTitle "CB17_2024"]
[SourceDate "2024.04.24"]
[SourceVersion "1"]
[SourceVersionDate "2024.04.24"]
[SourceQuality "1"]

1. d4 Nf6 2. Nf3 Nc6 3. c4 e6 4. Nc3 d5 5. cxd5 exd5 6. e3 Be7 7. Bb5 Bd7 8. Bxc6 Bxc6 9. Ne5 Bd7 10. Nxd7 Qxd7 11. 0-0 c6 12. Re1 0-0 13. e4 Nxe4 14. Nxe4 dxe4 15. Rxe4 Bf6 16. Be3 Qd5 17. Qf3 Rad8 18. b3 Rd7 19. Rd1 Rfd8 20. Rg4 Qxf3 21. gxf3 g6 22. Re4 Kg7 23. Kf1 h5 24. Ke2 Rd5 25. b4 a5 26. a3 axb4 27. axb4 Ra8 28. f4 Ra2+ 29. Kf3 Rb2 30. Ra1 Rxb4 31. Ra8 Rd8 32. Rxd8 Bxd8 33. Re8 Bf6 34. Ke4 Rb5 35. Kd3 Rd5 36. f3 Rb5 37. Rd8 Bxd8 0-1

[Event "Titled Tuesday intern op 16th Apr Early"]
[Site "Chess.com INT"]
[Date "2024.04.16"]
[Round "9"]
[White "Mirza, Diana"]
[Black "Rose, Felix"]
[Result "0-1"]
[WhiteElo "1956"]
[BlackElo "2091"]
[PlyCount "38"]
[EventDate "2024.04.16"]
[EventType "swiss (blitz)"]
[EventRounds "11"]
[EventCountry "USA"]
[SourceTitle "CB17_2024"]
[SourceDate "2024.04.24"]
[SourceVersion "1"]
[SourceVersionDate "2024.04.24"]
[SourceQuality "1"]

1. e4 e5 2. Nf3 Nc6 3. Bb5 a6 4. Bxc6 dxc6 5. 0-0 Qf6 6. Nc3 Ne7 7. d4 exd4 8. Nxd4 Bd7 9. f4 0-0-0 10. e5 Qh4 11. Qf3 Ng6 12. Be3 Bc5 13. Rad1 Bg4 14. Qe4 Bxd1 15. Rxd1 Nxf4 16. Qf5+ Ne6 17. Nxe6 Bxe3+ 18. Kh1 Rxd1+ 19. Nxd1 Qe1+ 0-1

[Event "Titled Tuesday intern op 02nd Apr Early"]
[Site "Chess.com INT"]
[Date "2024.04.02"]
[Round "8"]
[White "Mirza, Diana"]
[Black "Al Blooshi, Hamad Essa"]
[Result "0-1"]
[WhiteElo "1956"]
[BlackElo "2200"]
[PlyCount "88"]
[EventDate "2024.04.02"]
[EventType "swiss (blitz)"]
[EventRounds "11"]
[EventCountry "USA"]
[SourceTitle "CB15_2024"]
[SourceDate "2024.04.10"]
[SourceVersion "1"]
[SourceVersionDate "2024.04.10"]
[SourceQuality "1"]

1. e4 e5 2. Nf3 Nc6 3. Bb5 a6 4. Bxc6 dxc6 5. 0-0 Qd6 6. d4 f6 7. dxe5 fxe5 8. Nc3 Nf6 9. Bg5 Be7 10. Nh4 0-0 11. Bxf6 Qxf6 12. Nf3 Bg4 13. Qd3 Rad8 14. Qe3 Bxf3 15. gxf3 Qxf3 16. Qxf3 Rxf3 17. Kg2 Rf6 18. Rad1 Rfd6 19. Rxd6 Rxd6 20. Rd1 Kf7 21. Kf3 Ke6 22. Rg1 Bf6 23. Rd1 Bg5 24. Rd3 Rxd3+ 25. cxd3 Kd6 26. Kg4 Bc1 27. b3 Kc5 28. Ne2 Bb2 29. Kf5 Kb4 30. f4 exf4 31. Nxf4 Ka3 32. e5 Kxa2 33. e6 Bf6 34. Nh5 Be7 35. Nxg7 Kxb3 36. Ke5 a5 37. Nf5 Bb4 38. e7 Bxe7 39. Nxe7 a4 40. Nf5 a3 41. Nd4+ Kb2 42. Ne2 a2 43. Kf4 a1Q 44. Ke4 Qe1 0-1

[Event "Titled Tuesday intern op 13th Feb Early"]
[Site "Chess.com INT"]
[Date "2024.02.13"]
[Round "9"]
[White "Valenzuela Martinez, Hermes"]
[Black "Mirza, Diana"]
[Result "1-0"]
[WhiteElo "1970"]
[BlackElo "1926"]
[PlyCount "127"]
[EventDate "2024.02.13"]
[EventType "swiss (blitz)"]
[EventRounds "11"]
[EventCountry "USA"]
[SourceTitle "CB08_2024"]
[SourceDate "2024.02.21"]
[SourceVersion "1"]
[SourceVersionDate "2024.02.21"]
[SourceQuality "1"]

1. e4 c5 2. Nc3 a6 3. a4 Nc6 4. g3 e6 5. Bg2 Qc7 6. f4 Nf6 7. d3 d5 8. exd5 exd5 9. Nxd5 Nxd5 10. Bxd5 Be7 11. Ne2 0-0 12. 0-0 Bh3 13. Bg2 Bxg2 14. Kxg2 Nd4 15. c3 Qc6+ 16. Kf2 Nf3 17. h3 Rfd8 18. Be3 Nh2 19. Ng1 Nxf1 20. Qxf1 b5 21. a5 c4 22. d4 b4 23. Nf3 Bf6 24. g4 bxc3 25. bxc3 g6 26. Nd2 Rac8 27. g5 Bg7 28. Rb1 Re8 29. Rb4 Qe6 30. Qe2 Qxh3 31. Nxc4 Qh4+ 32. Kf1 Qh1+ 33. Kf2 Qh2+ 34. Ke1 Qxe2+ 35. Kxe2 h5 36. gxh6 Bxh6 37. Kd3 Kg7 38. Bd2 Re6 39. Rb7 Kf6 40. Ne5 Re7 41. Rb6+ Re6 42. Rb7 Re7 43. Rb1 Ke6 44. Rb6+ Kf5 45. Rxa6 Bxf4 46. Bxf4 Kxf4 47. Rf6+ Kg3 48. Nxf7 Rf8 49. Rxg6+ Kh4 50. Ne5 Kh5 51. Rb6 Ra7 52. Rb5 Rfa8 53. Nc6+ Kg6 54. Nxa7 Rxa7 55. Kc4 Kf7 56. Kb4 Ke6 57. Rb6+ Kd7 58. Kb5 Kc7 59. c4 Kd7 60. c5 Kc8 61. d5 Kd8 62. d6 Kc8 63. c6 Kd8 64. Rb8# 1-0

[Event "Sitges Sunway op 10th"]
[Site "Sitges"]
[Date "2023.12.12"]
[Round "1"]
[White "Mirza, Diana"]
[Black "Laddha, Shubh Jayesh"]
[Result "0-1"]
[WhiteElo "1901"]
[BlackElo "2337"]
[PlyCount "62"]
[EventDate "2023.12.12"]
[EventType "swiss"]
[EventRounds "10"]
[EventCountry "ESP"]
[SourceTitle "CB52_2023"]
[SourceDate "2023.12.27"]
[SourceVersion "1"]
[SourceVersionDate "2023.12.27"]
[SourceQuality "1"]

1. e4 e5 2. Bc4 Nf6 3. d3 c6 4. Nf3 d5 5. Bb3 Bb4+ 6. Bd2 Bxd2+ 7. Nbxd2 a5 8. a4 Nbd7 9. 0-0 0-0 10. c3 Re8 11. Qc2 Nc5 12. Ba2 Bg4 13. exd5 Nxd5 14. d4 exd4 15. Nxd4 Nf4 16. N2f3 Qf6 17. Rae1 Ncd3 18. Re3 c5 19. Nb3 Bxf3 20. Rxf3 Qg6 21. Rxf4 Nxf4 22. Qxg6 hxg6 23. Nxc5 Re2 24. Bc4 Rxb2 25. Bb5 Ne2+ 26. Bxe2 Rxe2 27. Nxb7 Ra2 28. Rc1 Rxa4 29. c4 Rc8 30. Nd6 Rc6 31. c5 Rxc5 0-1

[Event "Titled Tuesday intern op 24th Oct Late"]
[Site "Chess.com INT"]
[Date "2023.10.24"]
[Round "8"]
[White "Becerra, Juan David"]
[Black "Mirza, Diana"]
[Result "1-0"]
[WhiteElo "2322"]
[BlackElo "1913"]
[PlyCount "67"]
[EventDate "2023.10.24"]
[EventType "swiss (blitz)"]
[EventRounds "11"]
[EventCountry "USA"]
[SourceTitle "Mega2024 Update 01"]
[Source "Chessbase"]
[SourceDate "2023.11.12"]
[SourceVersion "1"]
[SourceVersionDate "2023.11.12"]
[SourceQuality "1"]

1. d4 Nf6 2. Nc3 g6 3. e4 Bg7 4. Nf3 d6 5. h3 c5 6. Be3 cxd4 7. Nxd4 Nc6 8. Bc4 Ne5 9. Bb3 a6 10. 0-0 0-0 11. f4 Nc6 12. Nxc6 bxc6 13. e5 dxe5 14. Qxd8 Rxd8 15. fxe5 Nd5 16. Rad1 Be6 17. Nxd5 cxd5 18. Bg5 Bxe5 19. Bxe7 Rd7 20. Ba3 a5 21. c3 Rb8 22. Rfe1 Bg3 23. Re3 Bf4 24. Red3 Rbd8 25. Ba4 Rb7 26. c4 d4 27. b3 Be3+ 28. Rxe3 dxe3 29. Rxd8+ Kg7 30. Bb2+ f6 31. Kf1 Re7 32. Re8 e2+ 33. Ke1 Rd7 34. Bxd7 1-0

[Event "Titled Tuesday intern op 24th Oct Late"]
[Site "Chess.com INT"]
[Date "2023.10.24"]
[Round "1"]
[White "Mirza, Diana"]
[Black "Baules Rodriguez, Jorge Luis"]
[Result "0-1"]
[WhiteElo "1913"]
[BlackElo "2283"]
[PlyCount "84"]
[EventDate "2023.10.24"]
[EventType "swiss (blitz)"]
[EventRounds "11"]
[EventCountry "USA"]
[SourceTitle "Mega2024 Update 01"]
[Source "Chessbase"]
[SourceDate "2023.11.12"]
[SourceVersion "1"]
[SourceVersionDate "2023.11.12"]
[SourceQuality "1"]

1. e4 c5 2. c4 Nc6 3. Nc3 g6 4. g3 Bg7 5. Bg2 e6 6. Nge2 Nge7 7. 0-0 0-0 8. d3 d6 9. Be3 Nd4 10. Qd2 Rb8 11. f4 a6 12. Rab1 b5 13. b3 Bb7 14. g4 f5 15. g5 d5 16. cxd5 exd5 17. e5 Nxe2+ 18. Nxe2 d4 19. Bf2 Qd7 20. Rbc1 Rbc8 21. b4 Bxg2 22. Kxg2 cxb4 23. Qxb4 Nc6 24. Qb3+ Kh8 25. Rc5 Nxe5 26. Rxc8 Qb7+ 27. Kh3 Qf3+ 28. Ng3 Rxc8 29. fxe5 Qg4+ 30. Kg2 f4 31. Be1 fxg3 32. Bxg3 Bxe5 33. Rf7 Qxg5 34. Qe6 Rc2+ 35. Kf1 Rc1+ 36. Be1 Rxe1+ 37. Kxe1 Qe3+ 38. Kf1 Qxd3+ 39. Kg2 Qe4+ 40. Kg1 Bxh2+ 41. Kxh2 Qxe6 42. Rf8+ Kg7 0-1